| 000 | 00539cam a22001577a 4500 | ||
|---|---|---|---|
| 008 | 180718b2002 xxu||||| |||| 00| 0 eng d | ||
| 082 | _aA81x54 01/09/Pap3/01 | ||
| 100 | _aCensus of India 2001 | ||
| 245 | _aRajasthan: provisional population totals | ||
| 260 |
_aDelhi _bController of Publication _c2002 |
||
| 300 | _a504p. | ||
| 440 | _aCensus of India 2001. Series-9, Rajasthan. Paper-3 of 2001 | ||
| 500 | _aContents: Distribution of workers and non-workers | ||
| 650 | _aEmployees - India - Rajasthan | ||
| 650 | _aRajasthan - Census | ||
| 999 |
_c486024 _d486024 |
||